| 000 | 00552nam a2200193 i 4500 | ||
|---|---|---|---|
| 001 | bg | ||
| 100 | 1 | _aBOLC, Leonard | |
| 245 | 0 |
_aPrzetwarzanie języka naturalnego / _cL. Bolc, M. Cichy, L. Różańska. |
|
| 260 |
_aWarszawa, _c1982. |
||
| 490 | 1 | _aBiblioteka Inżynierii Oprogramowania | |
| 700 | 1 | _aCICHY, Małgorzata | |
| 700 | 1 | _aRÓŻAŃSKA, Ludmiła | |
| 830 | _aBiblioteka Inżynierii Oprogramowania | ||
| 040 | _cBPK | ||
| 041 | _apol | ||
| 080 | _a801:681.322.06:519.68 | ||
| 942 | _cKS | ||
| 008 | s pl f |000 0 pol | ||
| 999 |
_c21170 _d21170 |
||
| 856 |
_uhttp://koha.tu.koszalin.pl/cgi-bin/koha/opac-detail.pl?biblionumber=21170 _yKatalog online BPK |
||